| 000 | 00733nam a2200265Ia 4500 | ||
|---|---|---|---|
| 008 | |||
| 020 | _a0748719857 (pbk.) | ||
| 049 | _aMAIN | ||
| 090 |
_aKD1629 _bMAR |
||
| 100 | 1 | _aMarsh, S.B. | |
| 245 | 1 | 0 |
_aBusiness law / _cS.B. Marsh and J. Soulsby. |
| 250 | _a6th ed. | ||
| 260 |
_aLondon : _bMcGraw-Hill, _cc1995. |
||
| 300 |
_axix, 340 p. ; _c25 cm. |
||
| 500 | _aIncludes index. | ||
| 504 | _aIncludes bibliographical references. | ||
| 650 | 0 |
_aCommercial law _zGreat Britain. |
|
| 650 | 0 |
_aLaw _zGreat Britain. |
|
| 700 | 1 | _aSoulsby, J. | |
| 907 |
_a.b10061046 _b20-04-12 _c17-04-03 |
||
| 003 | |||
| 005 | 20230123134338.0 | ||
| 040 | _cNUST | ||
| 942 |
_cBOOKS _kKD1629 _mMAR |
||
| 999 |
_c164290 _d164290 |
||